000 00418cam a2200169ua 4500
003 OSt
008 240323b |||||||| |||| 00| 0 eng d
020 _a0-86131-521
041 _aeng
082 _a796.48
_bSHA/WI
100 _aSharma, Lokesh
_96178
245 _aWills book of excellence: the olympics /
250 _a1 /
260 _aCalcutta :
_bOrient-Longman Ltd ,
_c1984.
300 _a172 ; .
942 _cBK
999 _c8945
_d8945